Enlace Corporación Autónoma de Quindío CRQ - Artesanos de Filandia y Circasia para la implementación del Plan de Co-manejo de bejucos (Registro nro. 6478)
[ vista simple ]
| 000 -CABECERA | |
|---|---|
| Campo de control | 01192nam a2200265 a 4500 |
| 005 - FECHA Y HORA DE LA ULTIMA TRANSACCION | |
| Campo de control | 20141217142859.0 |
| 008 - ELEMENTOS DE LONGITUD FIJA—INFORMACION GENERAL | |
| Campo de control | 140129b2007 ck ||||| |||| 00| 0 spa d |
| 040 ## - FUENTE DE CATALOGACIÓN | |
| Agencia transcriptora | CO-BoIH |
| 041 ## - IDIOMA | |
| Código de idioma para texto/pista de sonido o título separado | Español |
| 044 ## - PAÍS DE PUBLICACIÓN | |
| País de publicación | Colombia |
| 090 ## - CLASIFICACIÓN LOCAL | |
| Colección | IAVH |
| Consecutivo | 00947 |
| 100 ## - ASIENTO PRINCIPAL--NOMBRE PERSONAL | |
| Nombre personal | Lema Vélez, Luz Amparo |
| 245 ## - MENCION DE TITULO | |
| Título | Enlace Corporación Autónoma de Quindío CRQ - Artesanos de Filandia y Circasia para la implementación del Plan de Co-manejo de bejucos |
| 260 ## - PUBLICACION, DISTRIBUCION, ETC. (PIE DE IMPRENTA) | |
| Lugar de publicación, distribución, etc. | Bogotá |
| Nombre del editor, distribuidor, etc. | Instituto Alexander von Humboldt |
| Fecha de publicación, distribución, etc. | 2007 |
| 300 ## - DESCRIPCION FISICA | |
| Extensión | 37 p. |
| 520 ## - NOTA DE RESUMEN, ETC. | |
| Nota de resumen | Presenta el establecimiento del enlace entre la Corporación Autonoma de Quindio CRQ como autoridad ambiental y las comunidades de artesanos de Filandia y Circasia del departamento del Quindio, para la implementación de las estrategias, compromisos y reglas acordadas en el Plan de co-manejo de bejucos y el fortalecimiento de la cadena de uso de recursos de cestería |
| 650 ## - ASIENTO SECUNDARIO DE MATERIA - TERMINO TEMATICO | |
| Término temático o nombre geográfico como elemento de entrada | Planes de co-manejo ambiental |
| 650 ## - ASIENTO SECUNDARIO DE MATERIA - TERMINO TEMATICO | |
| Término temático o nombre geográfico como elemento de entrada | Artesanos |
| 650 ## - ASIENTO SECUNDARIO DE MATERIA - TERMINO TEMATICO | |
| Término temático o nombre geográfico como elemento de entrada | Cestería |
| 650 ## - ASIENTO SECUNDARIO DE MATERIA - TERMINO TEMATICO | |
| Término temático o nombre geográfico como elemento de entrada | Bejucos |
| 650 ## - ASIENTO SECUNDARIO DE MATERIA - TERMINO TEMATICO | |
| Término temático o nombre geográfico como elemento de entrada | Recursos Naturales Artesanales |
| 650 ## - ASIENTO SECUNDARIO DE MATERIA - TERMINO TEMATICO | |
| Término temático o nombre geográfico como elemento de entrada | Oferta ambiental |
| 942 ## - ELEMENTOS ADICIONALES (KOHA) | |
| Tipo de ítem | Informe Técnico |
| Sistema de clasificación | Local |
| 945 ## - PROCESAMIENTO LOCAL | |
| AAAA-MM-DD - Fecha de ingreso o modificacion | 2008-08-22 |
| Withdrawn status | Lost status | Sistema de Clasificación | Damaged status | No para préstamo | Colección | Inventariado | Ubicación Permanente | Ubicación actual | Fecha de adquisición | Total Checkouts | Número topográfico | Inventario / Código de Barras | Date last seen | Ejemplar | Price effective from | Forma de adquisición | Tipo de material |
|---|---|---|---|---|---|---|---|---|---|---|---|---|---|---|---|---|---|
| Local | Humboldt | Inventariado 2017 | Bogotá | Bogotá | 22/08/2008 | IAVH-00947 | 026310 | 09/08/2024 | Ej. 1 | 04/12/2012 | Informe Técnico |